Keeping costs in proportion (Record no. 70567)

MARC details
000 -LEADER
fixed length control field 00679cam a2200205 4500
001 - CONTROL NUMBER
control field X118521
008 - FIXED-LENGTH DATA ELEMENTS--GENERAL INFORMATION
fixed length control field 020625n2002 000 0 eng u
035 ## - SYSTEM CONTROL NUMBER
System control number (Sirsi) u118521
100 ## - MAIN ENTRY--PERSONAL NAME
Personal name Exton, J
245 ## - TITLE STATEMENT
Title Keeping costs in proportion
260 ## - PUBLICATION, DISTRIBUTION, ETC.
Date of publication, distribution, etc. 2002
490 ## - SERIES STATEMENT
Series statement Law Society's Gazette
Volume/sequential designation 99(17) 25 April 2002, 39(1)
520 ## - SUMMARY, ETC.
Summary, etc. Examines indemnity costs and proportionality. Observes court will assess costs on standard or indemnity basis. Uses cases to illustrate CA rulings.
650 ## - SUBJECT ADDED ENTRY--TOPICAL TERM
Topical term or geographic name entry element CIVIL PROCEDURE RULES 1998
650 ## - SUBJECT ADDED ENTRY--TOPICAL TERM
Topical term or geographic name entry element COURT OF APPEAL
650 ## - SUBJECT ADDED ENTRY--TOPICAL TERM
Topical term or geographic name entry element INDEMNITY COSTS
650 ## - SUBJECT ADDED ENTRY--TOPICAL TERM
Topical term or geographic name entry element PROPORTIONALITY
690 ## - LOCAL SUBJECT ADDED ENTRY--TOPICAL TERM (OCLC, RLIN)
Topical term or geographic name as entry element Dispute resolution
9 (RLIN) 6236
942 ## - ADDED ENTRY ELEMENTS (KOHA)
Suppress in OPAC 0
Holdings
Withdrawn status Lost status Source of classification or shelving scheme Damaged status Not for loan Home library Current library Shelving location Date acquired Total Checkouts Barcode Date last seen Copy number Price effective from Koha item type
    Dewey Decimal Classification     London London Journal article 25/06/2002   118521-1001 06/08/2019 1 06/08/2019 Journal article